| 000 | 00603nam a2200229Ia 4500 | ||
|---|---|---|---|
| 003 | OSt | ||
| 005 | 20220918200627.0 | ||
| 006 | a|||||r|||| 00| 0 | ||
| 007 | ta | ||
| 008 | 220917b |||||||| |||| 00| 0 eng d | ||
| 024 | _a89,608 | ||
| 037 | _cTextual | ||
| 040 |
_aARTS _cARTS _beng |
||
| 041 |
_2eng _aeng |
||
| 082 | _aU287Z8JA.73, J6 (UD) | ||
| 100 |
_aSchulman Edmund _994919 |
||
| 245 | 0 | _aDendroclimatic changes in Semiarid America | |
| 260 | _c1956 | ||
| 650 | _aGEOGRAPHY | ||
| 942 |
_hU287Z8JA.73, J6 (UD) _cTEXL _2CC |
||
| 999 |
_c213278 _d213278 |
||